01187nas a2200241Ia 4500001001100000003001000011008004100021040002500062041001600087100002100103210001400124222001400138245006600152250001100218260004400229300001200273310001600285362003600301500023200337501011400569520023200683650003000915R220-R1927IT-CnALBA170116c99999999xx |||||||||||| ||und|| aIT-CnALBAcIT-CnALBA aPOLIGLOTTA  aVANNUTELLI PRIMO aSYNOPTICA aSYNOPTICA 0aSYNOPTICA. COMMENTARII TRIMESTRALES. N. I-IV. ANNO III. 1938  a1a ed. a ROMAbISTITUTO GRAFICO TIBERINO c1938 a304 p.  aTRIMESTRALE aFascicolo: 1-4 / Anno: 3 (1938) aSINOSSI. INDICE LATINO GRECO. MARCO PIÙ SINTETICO DI MATTEO. RISPOSTE AD ANGILELLA E VANNUTELLI. INTERVENTI DI BENOIT E VAGANAY. TESTI SINOTTICI DEGLI ATTI DI PILATO. SAPORE ORIGINALE DI MARCO. CONTRO GLI ARGOMENTI DI ALLEN.  aSocietà San Paolo EM - Piazza San Paolo, 14 - 12051 ALBA (CN) (non commercial uses only) ® Copyright 2017 aSINOSSI. INDICE LATINO GRECO. MARCO PIÙ SINTETICO DI MATTEO. RISPOSTE AD ANGILELLA E VANNUTELLI. INTERVENTI DI BENOIT E VAGANAY. TESTI SINOTTICI DEGLI ATTI DI PILATO. SAPORE ORIGINALE DI MARCO. CONTRO GLI ARGOMENTI DI ALLEN.  aBIBBIA - TESTI E COMMENTI